[Event "Hessen-ch U14"]
[Site "Bad Homburg"]
[Date "2005.??.??"]
[Round "2"]
[White "Fuehrer, Tobias"]
[Black "Kurnatowski, Vitali"]
[Result "1-0"]
[WhiteElo "1219"]
[BlackElo "1354"]
[PlyCount "85"]
[EventDate "2005.04.??"]
[EventType "swiss"]
[EventRounds "8"]
[EventCountry "GER"]
[SourceTitle "EXT 2007"]
[Source "ChessBase"]
[SourceDate "2006.11.23"]
[SourceVersion "1"]
[SourceVersionDate "2006.11.23"]
[SourceQuality "1"]

1. e4 e5 2. Nf3 Nc6 3. Bb5 Bc5 4. 0-0 d6 5. d4 exd4 6. Nxd4 Bxd4 7. Qxd4 Nf6 8. e5 Nd7 9. Bxc6 bxc6 10. exd6 Nf6 11. Bf4 cxd6 12. Qxd6 Qxd6 13. Bxd6 Bf5 14. c3 Kd7 15. Rd1 Ke6 16. Na3 Nd5 17. Nc4 Nb6 18. Re1+ Kf6 19. Be5+ Kg6 20. Nd6 f6 21. Nxf5 Kxf5 22. Bd4 Rhe8 23. f3 Rad8 24. Kf2 h5 25. Rxe8 Rxe8 26. Re1 Rxe1 27. Kxe1 Nc8 28. Ke2 Ke6 29. Kd3 Nb6 30. Bxb6 axb6 31. Kc4 Kd6 32. a4 f5 33. b4 g5 34. a5 c5 35. bxc5+ bxc5 36. Kb5 Kc7 37. Kxc5 g4 38. fxg4 hxg4 39. Kd5 f4 40. Ke4 f3 41. gxf3 gxf3 42. Kxf3 Kb7 43. h4 1-0